000
00261 a2200097 4500
001
52002
100
_a
Hayden Book Co.
245
_a
Programmers Workshop for Applesoft, Basic With (Disk Record)
260
_a
New York
_b
Hayden Book Co.
_c
090
_c
32809
_d
32809
942
_a
NUST-CAE
_c
M
_c
25346
999
_c
287075
_d
287075